000
00275nam a2200133Ia 4500
100
_a
Binder/Alspach
942
_c
BK
654
_a
computer
245
_a
Photoshop 4 Complete
260
_b
Techmedia
_a
New Delhi
_c
1997
300
_a
1054
546
_a
ENGLISH
999
_c
23396
_d
23396